Corporate social responsibility and governance : (Record no. 362273)
[ view plain ]
| 000 -LEADER | |
|---|---|
| fixed length control field | 00610nam a2200145Ia 4500 |
| 008 - FIXED-LENGTH DATA ELEMENTS--GENERAL INFORMATION | |
| fixed length control field | 191021s9999 xx 000 0 und d |
| 020 ## - INTERNATIONAL STANDARD BOOK NUMBER | |
| International Standard Book Number | 978-3-319-38056-8 |
| 100 ## - MAIN ENTRY--PERSONAL NAME | |
| Personal name | Idowu, Samuel O. |
| 245 ## - TITLE STATEMENT | |
| Statement of responsibility, etc | Samuel O Idowu; Claus Strue Frederiksen; Asli Yüksel Mermod; Morten Ebbe Juul Nielsen.-- |
| Title | Corporate social responsibility and governance : |
| Remainder of title | theory and practice / |
| 260 ## - PUBLICATION, DISTRIBUTION, ETC. (IMPRINT) | |
| Place of publication, distribution, etc | Cham : |
| Name of publisher, distributor, etc | Springer International. |
| Date of publication, distribution, etc | 2015. |
| 300 ## - PHYSICAL DESCRIPTION | |
| Extent | xxxv, 343 pages : |
| Other physical details | illustrations ; |
| Dimensions | 25 cm. |
| 500 ## - GENERAL NOTE | |
| General note | Includes index. |
| 650 ## - SUBJECT ADDED ENTRY--TOPICAL TERM | |
| Topical term or geographic name as entry element | Social responsibility of business. |
| 650 ## - SUBJECT ADDED ENTRY--TOPICAL TERM | |
| Topical term or geographic name as entry element | Corporations -- Social aspects. |
| Withdrawn status | Lost status | Source of classification or shelving scheme | Damaged status | Home library | Current library | Shelving location | Date acquired | Source of acquisition | Sub Shelving location | Total Checkouts | Total Renewals | Full call number | Barcode | Date last seen | Date checked out | Price effective from | Koha item type |
|---|---|---|---|---|---|---|---|---|---|---|---|---|---|---|---|---|---|
| Library of Congress Classification | College Library | College Library | Reserve Section | 10/21/2019 | Library Fund | 1 | 1 | HD 60 .Id21 2015 | C21861 | 05/22/2025 | 02/18/2025 | 10/22/2019 | Books |